00883 2200289 4500001002100000001002100021005001500042020001800057035002400075040001200099082001900111084001900130090001600149090001900165100003000184245004600214245012400260260003100384260002800415300004300443504003100486650001900517850001200536990001500548990001500563990001500578YOGYA000000000001008YOGYA00000000000100820140822081610 a602-8335-74-6 0010-081400000001048 aYOPDYOG 2[22]a899.2214 a899.2214 Muh M a177.6 War E a899.2214 Muh M aMUHAMMAD RIDWAN ALIMUDDIN aEtika komunikasi kantor jilit 5cWursanto aMandar nol kilometerb: Membaca Mandar lampau dan hari ini : kumpulan esai tentang Mandarc/ Muhammad Ridwan Alimuddin. aYogyakartabKanisiusc1992 aYogyakartabOmbakc2011 axx, 332 hlm.b:ilus.c; 21 cm (3 eks.) aBibliografi : hlm. 331-332 aEssay-kumpulan aYOPDYOG a47088-P/94 a47090-P/94 a47091-P/94